[Event "Dyfed Open"]
[Site "?"]
[Date "2018.02.17"]
[Round "2"]
[White "Zeidler, Sven P"]
[Black "Van Kemenade, Julie"]
[Result "1-0"]
[WhiteElo "2165"]
[BlackElo "1692"]
[PlyCount "75"]
[EventDate "2018.??.??"]

1. e4 d6 2. d4 Nf6 3. Nc3 c6 4. Nf3 Nbd7 5. e5 dxe5 6. dxe5 Ng4 7. e6 fxe6 8.
Ng5 Ngf6 9. Nxe6 Qa5 10. Bd2 Qe5+ 11. Qe2 Qxe2+ 12. Bxe2 Kf7 13. Bc4 Ne5 14.
Ng5+ Ke8 15. Bb3 h6 16. f4 hxg5 17. fxe5 Ng4 18. e6 b5 19. Bxg5 Rh5 20. h4 g6
21. Ne2 Bg7 22. Nf4 Bxb2 23. Rd1 Bf6 24. Nxh5 gxh5 25. Bxf6 exf6 26. Rd3 Ke7
27. O-O Rb8 28. Rf5 Bxe6 29. Rxh5 Bxb3 30. axb3 a5 31. Rh7+ Ke6 32. Rd4 f5 33.
Rhd7 Rc8 34. h5 c5 35. R4d6+ Ke5 36. h6 c4 37. bxc4 Rxc4 38. h7 1-0

[Event "Dyfed Open"]
[Site "?"]
[Date "2018.02.17"]
[Round "2"]
[White "Richmond, Jane"]
[Black "Jukes, Sam"]
[Result "1-0"]
[WhiteElo "2097"]
[BlackElo "1762"]
[PlyCount "93"]
[EventDate "2018.??.??"]

1. e4 e5 2. Nf3 Nc6 3. Bb5 a6 4. Ba4 Nf6 5. O-O b5 6. Bb3 Bc5 7. Qe2 d6 8. c3
Bb6 9. a4 Rb8 10. axb5 axb5 11. d4 exd4 12. cxd4 Nxd4 13. Nxd4 Bxd4 14. Nc3
Bxc3 15. bxc3 O-O 16. Rd1 Qe7 17. f3 Be6 18. Bxe6 fxe6 19. e5 Nd5 20. exd6 Qxd6
21. Rd3 Qb6+ 22. Kf1 Nf4 23. Bxf4 Rxf4 24. Rad1 Ra8 25. Rd7 Rf6 26. Qe5 Raf8
27. Rxc7 R6f7 28. Rxf7 Rxf7 29. Rd6 Qc7 30. Qxe6 h6 31. Qd5 Kh7 32. Qd3+ Kg8
33. Rd8+ Rf8 34. Qd5+ Qf7 35. Qxf7+ Kxf7 36. Rxf8+ Kxf8 37. Ke2 Ke7 38. Ke3 Kd6
39. Kd4 Kc6 40. f4 Kd6 41. g4 g6 42. f5 gxf5 43. gxf5 h5 44. h4 Ke7 45. Ke5 Kf7
46. f6 Kf8 47. Kf5 1-0

[Event "Dyfed Open"]
[Site "?"]
[Date "2018.02.17"]
[Round "2"]
[White "Rayner, Francis"]
[Black "Whale, Michael"]
[Result "1-0"]
[WhiteElo "2043"]
[BlackElo "1743"]
[PlyCount "53"]
[EventDate "2018.??.??"]

1. Nf3 d5 2. c4 e6 3. g3 Nf6 4. d4 Be7 5. Bg2 O-O 6. O-O c6 7. Qc2 Nbd7 8. Rd1
dxc4 9. Qxc4 Nb6 10. Qc2 Bd7 11. Nc3 Nbd5 12. e4 Nxc3 13. bxc3 Qa5 14. Rb1 c5
15. Re1 b6 16. d5 exd5 17. exd5 Bd6 18. c4 Ba4 19. Qd3 Rae8 20. Bd2 Qa6 21. Bc3
Nd7 22. Ng5 g6 23. h4 Qc8 24. Bh3 Qd8 25. Ne4 Bb8 26. Bxd7 Rxe4 27. Bxa4 1-0

[Event "Dyfed Open"]
[Site "?"]
[Date "2018.02.17"]
[Round "2"]
[White "Taylor, Robert Graham"]
[Black "Jones, Dewi"]
[Result "1-0"]
[WhiteElo "1906"]
[BlackElo "1512"]
[PlyCount "89"]
[EventDate "2018.??.??"]

1. Nf3 Nf6 2. c4 g6 3. Nc3 Bg7 4. d4 O-O 5. g3 d6 6. Bg2 Nbd7 7. e4 e5 8. h3 a6
9. Be3 c5 10. dxe5 dxe5 11. O-O Ne8 12. Bxc5 Nc7 13. Bxf8 Qxf8 14. Nd5 Ne6 15.
Kh2 Ndc5 16. Nh4 Nd4 17. f4 exf4 18. gxf4 f5 19. e5 Nce6 20. Nb6 Rb8 21. Nxc8
Qxc8 22. Bd5 Kh8 23. Nf3 Qc5 24. Nxd4 Nxd4 25. Qd2 Qb6 26. Rad1 Nc6 27. Bxc6
Qxc6 28. Qd6 Qe8 29. Rf2 Bh6 30. Kg3 Bf8 31. Qd7 Bc5 32. Qxe8+ Rxe8 33. Rfd2
Re7 34. Rd8+ Kg7 35. R1d7 Kf7 36. Rxe7+ Kxe7 37. Rd5 b6 38. Kf3 a5 39. a3 Ke8
40. Rd1 Ke7 41. Rb1 a4 42. b4 axb3 43. Rxb3 Ke6 44. a4 Bd4 45. Rb5 1-0

[Event "Dyfed Open"]
[Site "?"]
[Date "2018.02.17"]
[Round "2"]
[White "Haigh, Tony"]
[Black "Leah, Howard"]
[Result "1/2-1/2"]
[WhiteElo "1799"]
[BlackElo "1467"]
[PlyCount "64"]
[EventDate "2018.??.??"]

1. d4 d5 2. c4 c6 3. Nf3 Nf6 4. cxd5 cxd5 5. Nc3 Bg4 6. Ne5 Bf5 7. e3 a6 8. Bd3
Bxd3 9. Nxd3 Nc6 10. O-O e6 11. Bd2 Bd6 12. Rc1 Rc8 13. f4 O-O 14. Be1 Ne4 15.
f5 Qg5 16. Qf3 Qh6 17. Nf4 Bxf4 18. Qxf4 Qxf4 19. Rxf4 Nb4 20. Rf3 Nd3 21. Rb1
Nxe1 22. Rxe1 Nxc3 23. bxc3 Rxc3 24. e4 Rc2 25. exd5 exd5 26. Rb3 b5 27. Ra3
Rc6 28. Re7 Ra8 29. Rd7 Kf8 30. Rxd5 Rc4 31. Rxb5 Rxd4 32. Rba5 Rd6 1/2-1/2

[Event "Dyfed Open"]
[Site "?"]
[Date "2018.02.17"]
[Round "2"]
[White "Williams, A. Howard"]
[Black "Hurn, Robert AJ"]
[Result "1-0"]
[WhiteElo "2274"]
[BlackElo "1592"]
[PlyCount "73"]
[EventDate "2018.??.??"]

1. d4 Nf6 2. c4 e6 3. g3 d5 4. Nf3 dxc4 5. Bg2 c5 6. O-O Nc6 7. Qa4 a6 8. Ne5
Nd5 9. Nxc6 bxc6 10. dxc5 Bd7 11. e4 Ne7 12. Qxc4 Qc7 13. Be3 g6 14. Nd2 Bg7
15. Qc2 O-O 16. Nc4 Rab8 17. Rad1 Nc8 18. b3 e5 19. f4 Be6 20. f5 Bxc4 21. Qxc4
Qb7 22. Rf2 Na7 23. Rfd2 Qb5 24. Bf1 Qa5 25. Qxa6 Qc3 26. Rd3 Qb4 27. Qxa7 Qxe4
28. Bg2 Qxf5 29. Qd7 Qh5 30. Qxc6 Qe2 31. Qf3 Qxa2 32. c6 Qc2 33. Qf2 Qxf2+ 34.
Bxf2 Rfc8 35. Ba7 Ra8 36. Bb6 h5 37. c7 1-0

[Event "Dyfed Open"]
[Site "?"]
[Date "2018.02.17"]
[Round "2"]
[White "Brown, Thomas"]
[Black "Morgans, Justin"]
[Result "1-0"]
[WhiteElo "2085"]
[BlackElo "1668"]
[PlyCount "75"]
[EventDate "2018.??.??"]

1. d4 f5 2. g3 Nf6 3. Bg2 e6 4. c4 c6 5. Nf3 d5 6. O-O Bd6 7. b3 O-O 8. Ba3 Ne4
9. Bxd6 Qxd6 10. Ne5 Nd7 11. f3 Nef6 12. f4 Ne4 13. Bxe4 fxe4 14. Nc3 Nxe5 15.
c5 Qe7 16. fxe5 Bd7 17. Qd2 Rf5 18. Rxf5 exf5 19. Rf1 Rf8 20. h4 h6 21. e3 Be8
22. Ne2 g5 23. hxg5 Qxg5 24. Kf2 Bh5 25. Rh1 Kh7 26. Nf4 Bf3 27. Ne6 Qe7 28.
Nxf8+ Qxf8 29. Rh4 Bg4 30. Qa5 Qb8 31. e6 b6 32. Qa3 b5 33. e7 h5 34. Qa5 f4
35. gxf4 Qg8 36. Qd8 Qg7 37. e8=Q Bf3 38. Rxh5+ 1-0

[Event "Dyfed Open"]
[Site "?"]
[Date "2018.02.17"]
[Round "2"]
[White "Buttell, David"]
[Black "Di-Vetta, Andrew"]
[Result "0-1"]
[WhiteElo "1782"]
[BlackElo "1665"]
[PlyCount "110"]
[EventDate "2018.??.??"]

1. d4 Nf6 2. c4 e6 3. Nf3 b6 4. g3 Bb4+ 5. Bd2 Qe7 6. Bg2 Bb7 7. O-O Bxd2 8.
Qxd2 O-O 9. Nc3 a6 10. Ne1 Bxg2 11. Nxg2 Qb4 12. b3 d5 13. Ne4 Qxd2 14. Nxd2
Nc6 15. e3 Ne7 16. Rfc1 c6 17. Rc2 Rfc8 18. Rac1 Kf8 19. Nf4 Ke8 20. Nd3 a5 21.
Kg2 Ne4 22. Nxe4 dxe4 23. Nb2 f5 24. Na4 Rab8 25. Nc3 Rd8 26. h3 g5 27. g4 Kf7
28. Kg3 Kg6 29. Na4 Rf8 30. c5 b5 31. Nb6 Rbd8 32. a4 f4+ 33. Kg2 fxe3 34. fxe3
Rf3 35. Re2 e5 36. axb5 exd4 37. exd4 Rxd4 38. Nc4 Rxb3 39. b6 a4 40. Ra2 Rb4
41. Ne3 Nd5 42. Nc2 Rd2+ 43. Kh1 Rb3 44. Rxa4 Rxh3+ 45. Kg1 Rb3 46. Rxe4 Nf4
47. Nd4 Rxd4 48. Rxd4 Ne2+ 49. Kg2 Nxd4 50. Rd1 Rb4 51. b7 Ne6 52. Rd6 Kf6 53.
Rxc6 Rxb7 54. Ra6 Rc7 55. c6 Nd4 0-1

[Event "Dyfed Open"]
[Site "?"]
[Date "2018.02.17"]
[Round "2"]
[White "Jones, Martin C"]
[Black "Jones, Gavin"]
[Result "1-0"]
[WhiteElo "1769"]
[BlackElo "1658"]
[PlyCount "107"]
[EventDate "2018.??.??"]

1. e4 e6 2. d4 d5 3. Nd2 Nf6 4. e5 Nfd7 5. Bd3 c5 6. c3 Nc6 7. Ne2 cxd4 8. cxd4
f6 9. exf6 Qxf6 10. Nf3 Bd6 11. Bg5 Qf7 12. O-O Nf6 13. Rc1 e5 14. dxe5 Nxe5
15. Bb5+ Bd7 16. Bxd7+ Nexd7 17. Nc3 O-O 18. Nb5 Bb4 19. Qd4 Ba5 20. b4 Bb6 21.
Qh4 Ne4 22. Be3 Bxe3 23. fxe3 Qe6 24. Nbd4 Qb6 25. Qe7 Rf7 26. Qe6 Qd6 27. Ng5
Qxe6 28. Ngxe6 Rxf1+ 29. Rxf1 Rc8 30. Nf5 Re8 31. Nexg7 Re5 32. Nh5 Re6 33. Nf4
Re5 34. Nxd5 Kf7 35. Nd4+ Kg6 36. Nf4+ Kg7 37. h4 Nef6 38. Rc1 Ne8 39. Nde6+
Kf6 40. Rc8 Nd6 41. Rh8 Rxe6 42. Nxe6 Kxe6 43. Rxh7 Nb6 44. g4 Nd5 45. b5 Nc3
46. g5 Ncxb5 47. Rh6+ Kf7 48. Rf6+ Kg8 49. h5 a5 50. h6 a4 51. g6 a3 52. Rf4
Nc3 53. h7+ Kg7 54. Rf7+ 1-0

[Event "Dyfed Open"]
[Site "?"]
[Date "2018.02.17"]
[Round "2"]
[White "Owen, Neil"]
[Black "Denham, Colin"]
[Result "1-0"]
[WhiteElo "1760"]
[BlackElo "1653"]
[PlyCount "120"]
[EventDate "2018.??.??"]

1. d4 Nf6 2. Nf3 d5 3. g3 c6 4. Bg2 Nbd7 5. O-O Nb6 6. Re1 Bg4 7. a4 a5 8. Ne5
Bh5 9. f3 Nfd7 10. Nd3 Bg6 11. e4 e6 12. Nf4 dxe4 13. fxe4 Be7 14. Nd2 Nf6 15.
c3 Qc7 16. h4 h6 17. e5 Nfd7 18. Nxg6 fxg6 19. Qg4 Nf8 20. Be4 O-O-O 21. Bxg6
Nxg6 22. Qxe6+ Qd7 23. Qxg6 Qh3 24. Ne4 Rhf8 25. b3 Rf3 26. Qxg7 Bf8 27. Qg6
Nd5 28. Ra2 Ne7 29. Qh7 Rxg3+ 30. Nxg3 Qxg3+ 31. Kf1 Qh3+ 32. Rg2 Qh1+ 33. Kf2
Qxh4+ 34. Ke2 Qh5+ 35. Kd2 c5 36. Qe4 cxd4 37. Qg4+ Qxg4 38. Rxg4 dxc3+ 39.
Kxc3 Nf5 40. Rc4+ Kb8 41. Rf1 Ne7 42. Kc2 Nd5 43. Re1 Nb4+ 44. Kb1 Rd3 45. Re3
Rd8 46. e6 Nc6 47. Re1 Re8 48. Bf4+ Kc8 49. Bd2 Kb8 50. Kc2 Nb4+ 51. Bxb4 Bxb4
52. Re2 b6 53. Kd3 Bc5 54. Rh4 Rd8+ 55. Kc4 Rc8 56. Kd5 Rd8+ 57. Ke5 Bd6+ 58.
Kf5 Rf8+ 59. Kg6 Be7 60. Rc4 Kb7 1-0

[Event "Dyfed Open"]
[Site "?"]
[Date "2018.02.17"]
[Round "2"]
[White "Greatorex, Roger"]
[Black "Miller, John S"]
[Result "1-0"]
[WhiteElo "1722"]
[BlackElo "1648"]
[PlyCount "63"]
[EventDate "2018.??.??"]

1. d4 Nf6 2. c4 g6 3. Nc3 Bg7 4. e4 d6 5. f3 O-O 6. Be3 e5 7. d5 Ne8 8. g4 Bf6
9. Qd2 Bh4+ 10. Kd1 f5 11. gxf5 gxf5 12. Bh3 Ng7 13. Bh6 Rf7 14. Nge2 f4 15.
Bxc8 Qxc8 16. Rg1 Qh3 17. Kc2 Na6 18. Rg4 Bf6 19. Bxg7 Rxg7 20. Rxg7+ Kxg7 21.
Ng1 Qh5 22. Nb5 b6 23. Re1 Kh8 24. Re2 Rg8 25. Rg2 Nb4+ 26. Kb3 Rxg2 27. Qxg2
Nd3 28. Nxc7 Nc5+ 29. Kc2 Qf7 30. Nb5 Qe7 31. Qg4 Na6 32. Qc8+ 1-0

[Event "Dyfed Open"]
[Site "?"]
[Date "2018.02.17"]
[Round "2"]
[White "Andrews, Norman G"]
[Black "Thomas, Roy"]
[Result "0-1"]
[WhiteElo "1642"]
[BlackElo "1706"]
[PlyCount "85"]
[EventDate "2018.??.??"]

1. e4 c5 2. Nc3 a6 3. f4 d6 4. Nf3 Nc6 5. d4 cxd4 6. Nxd4 Nf6 7. Nxc6 bxc6 8.
e5 Ng4 9. Be2 Nh6 10. Bf3 d5 11. Be3 e6 12. g4 g6 13. Ne2 Rb8 14. b3 c5 15. Ng3
d4 16. Bf2 Be7 17. Qd3 Bb7 18. Bxb7 Qa5+ 19. Qd2 Qxd2+ 20. Kxd2 Rxb7 21. h3 Kd7
22. Ne4 Ng8 23. c3 f5 24. exf6 Nxf6 25. Nxf6+ Bxf6 26. cxd4 cxd4 27. Kd3 Ke7
28. Rhc1 Rd8 29. Rc4 g5 30. fxg5 Bxg5 31. Re1 Rbd7 32. Rc6 Rd6 33. Rxd6 Rxd6
34. Re5 Bf4 35. Re4 e5 36. Be1 Ke6 37. b4 Rc6 38. Re2 Kd5 39. a4 Be3 40. Ra2
e4+ 41. Ke2 Bf4 42. Kd1 d3 43. b5 0-1

[Event "Dyfed Open"]
[Site "?"]
[Date "2018.02.17"]
[Round "2"]
[White "Francis, Matthew"]
[Black "Orton, Paul"]
[Result "1/2-1/2"]
[WhiteElo "1694"]
[BlackElo "1608"]
[PlyCount "59"]
[EventDate "2018.??.??"]

1. e4 e5 2. Nc3 Nf6 3. f4 d5 4. fxe5 Nxe4 5. d3 Nxc3 6. bxc3 c5 7. Nf3 Nc6 8.
Be2 Be7 9. O-O O-O 10. d4 Be6 11. Be3 b6 12. Qd2 Bf5 13. Bg5 c4 14. Bxe7 Qxe7
15. a4 Rfd8 16. Ra2 h6 17. Qf4 Be6 18. Raa1 Qd7 19. h3 Ne7 20. g4 Ng6 21. Qg3
Rf8 22. Kh2 Rae8 23. Nh4 Nxh4 24. Qxh4 Qe7 25. Qxe7 Rxe7 26. a5 b5 27. a6 Rb8
28. Bf3 Rb6 29. Ra5 Re8 30. Rb1 1/2-1/2

[Event "Dyfed Open"]
[Site "?"]
[Date "2018.02.17"]
[Round "2"]
[White "Howell, Alun"]
[Black "Probert, Malcolm"]
[Result "0-1"]
[WhiteElo "1691"]
[BlackElo "1601"]
[PlyCount "146"]
[EventDate "2018.??.??"]

1. Nf3 g6 2. d4 Bg7 3. c4 d6 4. Nc3 e5 5. dxe5 dxe5 6. Qxd8+ Kxd8 7. Bg5+ f6 8.
O-O-O+ Nd7 9. Be3 c6 10. g3 Kc7 11. Bg2 Ne7 12. Ne4 Nb6 13. b3 Be6 14. Bc5 Nec8
15. h3 a5 16. a4 Nd7 17. Ba3 Bf8 18. Kb2 Bxa3+ 19. Kxa3 Rd8 20. Rd2 f5 21. Neg5
Bg8 22. h4 h6 23. Nh3 Ncb6 24. Rc2 Re8 25. Nd2 Nc5 26. e4 Rad8 27. f3 Rd3 28.
Nf2 Rd6 29. Re1 Red8 30. Re2 Ne6 31. Rb2 Nd4 32. Re3 Ne6 33. Nb1 f4 34. gxf4
exf4 35. Ree2 Nc5 36. Bf1 Bxc4 37. bxc4 Nxc4+ 38. Ka2 Nxb2 39. Kxb2 Nxa4+ 40.
Kb3 b5 41. Rc2 Kb6 42. Na3 Nc5+ 43. Kb2 Rd2 44. Ng4 Na4+ 45. Kb3 Nc5+ 46. Kb2
h5 47. Ne5 Rxc2+ 48. Kxc2 Rd6 49. Nac4+ bxc4 50. Nxc4+ Kc7 51. Nxd6 Kxd6 52.
Bc4 Nd7 53. Kb3 Ne5 54. Be2 Kc5 55. Kc3 a4 56. Bd1 a3 57. Kb3 Kd4 58. Kxa3 c5
59. Kb2 c4 60. Kc2 c3 61. Be2 Nc6 62. Kc1 Ke3 63. Bd1 Nd4 64. e5 Ne6 65. Kc2
Kd4 66. Be2 Kxe5 67. Kxc3 Ng7 68. Bd3 Nf5 69. Bxf5 Kxf5 70. Kd2 g5 71. hxg5
Kxg5 72. Ke2 Kh4 73. Kf2 Kh3 0-1

[Event "Dyfed Open"]
[Site "?"]
[Date "2018.02.17"]
[Round "3"]
[White "Turner, Matthew J"]
[Black "Heap, Gerry"]
[Result "1-0"]
[WhiteElo "2536"]
[BlackElo "2086"]
[PlyCount "115"]
[EventDate "2018.??.??"]

1. Nf3 c5 2. g3 Nc6 3. Bg2 g6 4. d4 cxd4 5. Nxd4 Bg7 6. Nxc6 bxc6 7. O-O Rb8 8.
Nd2 Nf6 9. Nb3 O-O 10. Bf4 d6 11. Bxc6 Nh5 12. Bc1 a5 13. Bf3 a4 14. Nd4 Qc7
15. a3 Bd7 16. c3 Rfc8 17. Re1 Nf6 18. Nc2 Bc6 19. Nb4 Bxf3 20. exf3 Qd7 21.
Be3 h5 22. h4 Rc4 23. Bg5 e6 24. Qd3 d5 25. Rad1 Rbc8 26. Kg2 Ne8 27. Qe2 Nd6
28. Nd3 R4c7 29. Bf4 Rb7 30. Ne5 Qb5 31. Nd3 Nf5 32. g4 hxg4 33. fxg4 Nxh4+ 34.
Kg3 g5 35. Bxg5 Ng6 36. f4 d4 37. cxd4 Bxd4 38. Nb4 e5 39. f5 Nf8 40. Qg2 Nh7
41. Be3 Rc4 42. Bxd4 exd4 43. Rd2 d3 44. Nxd3 Nf6 45. Ne5 Qb3+ 46. Kh2 Re7 47.
g5 Ng4+ 48. Nxg4 Rxe1 49. Qa8+ Kg7 50. f6+ Kh7 51. g6+ Kxg6 52. Qg8+ Kf5 53.
Nh6+ Kf4 54. Rf2+ Ke3 55. Nf5+ Kd3 56. Qd8+ Ke4 57. Qe7+ Kd5 58. Qd6+ 1-0

[Event "Dyfed Open"]
[Site "?"]
[Date "2018.02.17"]
[Round "3"]
[White "Jones, Iolo C"]
[Black "Musson, Adam J"]
[Result "0-1"]
[WhiteElo "2206"]
[BlackElo "2020"]
[PlyCount "94"]
[EventDate "2018.??.??"]

1. c4 e5 2. g3 Nf6 3. Bg2 h6 4. Nc3 Bb4 5. e3 Bxc3 6. bxc3 O-O 7. d4 d6 8. Ba3
Re8 9. Ne2 Nc6 10. O-O e4 11. Nf4 Bg4 12. Qc2 Na5 13. Qa4 b6 14. Nd5 Be2 15.
Rfe1 Bxc4 16. Nxf6+ Qxf6 17. Bb4 d5 18. Bxa5 bxa5 19. Qxa5 Qb6 20. Qa3 Reb8 21.
Bf1 Qb2 22. Qe7 Bxa2 23. Qxc7 a5 24. Rec1 a4 25. c4 Rc8 26. Qd7 dxc4 27. Qd5
Rab8 28. Bh3 Re8 29. Bf1 Rec8 30. Bh3 Rd8 31. Qxe4 a3 32. Qc6 Rb6 33. Qc5 Rdb8
34. Bf1 Rf6 35. f4 Qd2 36. Re1 Rb1 37. Rexb1 Qxe3+ 38. Kh1 Bxb1 39. Qxa3 Be4+
40. Bg2 Qxd4 41. Bxe4 Qxe4+ 42. Kg1 Qd4+ 43. Kh1 Rb6 44. Qa8+ Kh7 45. Re1 Rb2
46. Qe4+ Qxe4+ 47. Rxe4 c3 0-1

[Event "Dyfed Open"]
[Site "?"]
[Date "2018.02.17"]
[Round "3"]
[White "French, Max"]
[Black "Waddington, Mike P"]
[Result "0-1"]
[WhiteElo "1997"]
[BlackElo "2086"]
[PlyCount "62"]
[EventDate "2018.??.??"]

1. d4 f5 2. c4 Nf6 3. Nf3 g6 4. g3 Bg7 5. Bg2 O-O 6. O-O d6 7. Nc3 c6 8. Qb3
Ne4 9. Rd1 Nxc3 10. bxc3 Nd7 11. e4 fxe4 12. Ng5 Nf6 13. Nxe4 Qc7 14. Bf4 Nxe4
15. Bxe4 Be6 16. d5 cxd5 17. Bxd5 Bxd5 18. Rxd5 Rxf4 19. gxf4 e6 20. Rb5 b6 21.
a4 Rf8 22. f5 gxf5 23. a5 Rf6 24. axb6 Rg6+ 25. Kf1 Qb7 26. Qb1 axb6 27. Rxb6
Qg2+ 28. Ke2 Qg4+ 29. Kd2 Qf4+ 30. Kc2 Qxf2+ 31. Kb3 Qxb6+ 0-1

[Event "Dyfed Open"]
[Site "?"]
[Date "2018.02.17"]
[Round "3"]
[White "Young, Alan"]
[Black "Zeidler, Sven P"]
[Result "1-0"]
[WhiteElo "2036"]
[BlackElo "2165"]
[PlyCount "57"]
[EventDate "2018.??.??"]

1. e4 d5 2. exd5 Qxd5 3. Nc3 Qd8 4. d4 Nf6 5. Nf3 Bg4 6. h3 Bxf3 7. Qxf3 c6 8.
Be3 e6 9. O-O-O Nbd7 10. g4 Nb6 11. Rg1 Nbd5 12. g5 Nd7 13. Nxd5 cxd5 14. Kb1
Rc8 15. h4 Qa5 16. h5 Rc6 17. Rd3 Be7 18. Bd2 Qc7 19. Rb3 O-O 20. Bb5 Nb6 21.
Bxc6 Nc4 22. Bc1 bxc6 23. Qg4 a5 24. g6 fxg6 25. hxg6 Bf6 26. Qxe6+ Kh8 27. Rh1
h6 28. Bxh6 gxh6 29. Rxh6+ 1-0

[Event "Dyfed Open"]
[Site "?"]
[Date "2018.02.17"]
[Round "3"]
[White "James, David J"]
[Black "May, Adam J"]
[Result "1/2-1/2"]
[WhiteElo "2119"]
[BlackElo "1951"]
[PlyCount "37"]
[EventDate "2018.??.??"]

1. d4 d5 2. Nf3 Nf6 3. c4 e6 4. Nc3 Be7 5. Bg5 Nbd7 6. e3 h6 7. Bh4 O-O 8. Bd3
c5 9. cxd5 Nxd5 10. Bxe7 Nxe7 11. O-O cxd4 12. Nxd4 Nf6 13. Rc1 a6 14. Ne4 Nfd5
15. Bb1 e5 16. Nf3 Bg4 17. h3 Bxf3 18. Qxf3 Qb6 19. Qe2 1/2-1/2

[Event "Dyfed Open"]
[Site "?"]
[Date "2018.02.17"]
[Round "3"]
[White "May, Frank"]
[Black "Moore, Robert"]
[Result "1/2-1/2"]
[WhiteElo "2096"]
[BlackElo "1840"]
[PlyCount "80"]
[EventDate "2018.??.??"]

1. Nf3 d5 2. g3 Nf6 3. Bg2 g6 4. b3 Bg7 5. Bb2 O-O 6. O-O c6 7. c4 Nh5 8. Bxg7
Nxg7 9. d4 Nd7 10. cxd5 cxd5 11. Nc3 e6 12. Rc1 b6 13. Qd2 Ba6 14. Rfd1 Rc8 15.
Ne1 Nf5 16. f3 Qf6 17. e4 dxe4 18. fxe4 Ng7 19. Nf3 Rfd8 20. Qe3 Qe7 21. e5 Nf5
22. Qf4 Qb4 23. Ne4 Be2 24. Rxc8 Rxc8 25. Qd2 Qxd2 26. Rxd2 Bxf3 27. Bxf3 Kg7
28. g4 Ne7 29. Nd6 Rc1+ 30. Kf2 Nd5 31. g5 Nb8 32. Bxd5 exd5 33. Kg2 Nc6 34.
Rf2 Nd8 35. Ne8+ Kf8 36. Nf6 Ne6 37. Rd2 Nxg5 38. Nxd5 Ne4 39. Re2 Nc3 40. Nxc3
Rxc3 1/2-1/2

[Event "Dyfed Open"]
[Site "?"]
[Date "2018.02.17"]
[Round "3"]
[White "Taylor, Robert Graham"]
[Black "Rayner, Francis"]
[Result "0-1"]
[WhiteElo "1906"]
[BlackElo "2043"]
[PlyCount "86"]
[EventDate "2018.??.??"]

1. b3 e5 2. Bb2 Nc6 3. d3 d5 4. Nd2 Be6 5. Ngf3 f6 6. e3 Qd7 7. Be2 Nge7 8. c3
g5 9. b4 Ng6 10. Nb3 b6 11. b5 Nd8 12. d4 Nf7 13. a4 Be7 14. h4 e4 15. h5 Nf4
16. exf4 exf3 17. Bxf3 g4 18. Be2 Nd6 19. g3 O-O 20. Nd2 Rae8 21. O-O f5 22. f3
Rf6 23. Rc1 Rh6 24. c4 Rxh5 25. cxd5 Bxd5 26. Nc4 Rh3 27. Ne5 Qe6 28. fxg4
Rxg3+ 29. Kf2 Bh4 30. Rg1 Rd3+ 31. Kf1 Rxd1+ 32. Rxd1 Kh8 33. g5 Ne4 34. g6
Ng3+ 35. Ke1 Nxe2+ 36. Kxe2 hxg6 37. Kd2 g5 38. fxg5 Kg7 39. Rc1 Qd6 40. Bc3
Be4 41. g6 Rxe5 42. Ke2 Re8 43. Bb2 Qh2+ 0-1

[Event "Dyfed Open"]
[Site "?"]
[Date "2018.02.17"]
[Round "3"]
[White "Thomas, Roy"]
[Black "Williams, A. Howard"]
[Result "0-1"]
[WhiteElo "1706"]
[BlackElo "2274"]
[PlyCount "56"]
[EventDate "2018.??.??"]

1. f4 d5 2. e3 g6 3. Nf3 Bg7 4. d4 Nf6 5. c4 c5 6. Nc3 O-O 7. Be2 Nc6 8. O-O
cxd4 9. Nxd4 Nxd4 10. Qxd4 Be6 11. Qc5 dxc4 12. Rd1 Nd7 13. Qb4 Qb6 14. Qxe7
Rfe8 15. Qh4 Nf6 16. Kf1 Rad8 17. e4 Rxd1+ 18. Bxd1 Qd4 19. e5 Nd5 20. Nb5
Qxd1+ 21. Qe1 Qxe1+ 22. Kxe1 Bf8 23. a3 f6 24. Nd4 fxe5 25. fxe5 Bc5 26. Nf3
Bg4 27. Bh6 Bxf3 28. gxf3 Rxe5+ 0-1

[Event "Dyfed Open"]
[Site "?"]
[Date "2018.02.17"]
[Round "3"]
[White "Di-Vetta, Andrew"]
[Black "Brown, Thomas"]
[Result "1/2-1/2"]
[WhiteElo "1665"]
[BlackElo "2085"]
[PlyCount "64"]
[EventDate "2018.??.??"]

1. Nf3 g6 2. g3 c5 3. Bg2 Bg7 4. c4 Nc6 5. O-O e6 6. Nc3 Nge7 7. e3 O-O 8. d3
d5 9. Rb1 b6 10. a3 Bb7 11. Qc2 Qd7 12. b3 Rfd8 13. Bb2 d4 14. exd4 Nxd4 15.
Nxd4 Bxg2 16. Kxg2 Bxd4 17. Rbd1 Kg7 18. Ne4 Nc6 19. Bc1 Qb7 20. f3 Ne7 21.
Rfe1 h6 22. Nf2 Bxf2 23. Kxf2 Nf5 24. Bb2+ Nd4 25. Bxd4+ Rxd4 26. Qe2 Re8 27.
b4 Qe7 28. Qb2 f6 29. Re4 Rd6 30. d4 cxd4 31. Rexd4 Red8 32. R1d3 Rxd4 1/2-1/2

[Event "Dyfed Open"]
[Site "?"]
[Date "2018.02.17"]
[Round "3"]
[White "Van Kemenade, Julie"]
[Black "Van Kemenade, Rudy"]
[Result "0-1"]
[WhiteElo "1692"]
[BlackElo "1981"]
[PlyCount "82"]
[EventDate "2018.??.??"]

1. e4 e5 2. Bc4 Nf6 3. d3 c6 4. Nf3 Be7 5. Nc3 d6 6. h3 h6 7. Bb3 Nbd7 8. Ne2
Nc5 9. c3 Nxb3 10. axb3 Qc7 11. Ng3 d5 12. Qe2 dxe4 13. dxe4 Be6 14. Qc2 Nd7
15. Be3 a6 16. O-O O-O 17. Nf5 Bxf5 18. exf5 Nf6 19. Ra4 Nd5 20. Rg4 Nxe3 21.
fxe3 Qb6 22. Kh1 Bf6 23. e4 Rad8 24. b4 Qe3 25. Re1 Qd3 26. Qf2 Rd6 27. Re3
Qb1+ 28. Kh2 Rd1 29. Re1 Rfd8 30. Qg3 Kh8 31. Qf2 Rxe1 32. Nxe1 Rd1 33. Nf3 h5
34. Rh4 Rh1+ 35. Kg3 Bxh4+ 36. Kxh4 Qxe4+ 37. Kg5 Qf4+ 38. Kxh5 Qxf5+ 39. Kh4
g5+ 40. Kh5 g4+ 41. Kh6 Qg6# 0-1

[Event "Dyfed Open"]
[Site "?"]
[Date "2018.02.17"]
[Round "3"]
[White "Probert, Malcolm"]
[Black "Waterfield, John W"]
[Result "0-1"]
[WhiteElo "1601"]
[BlackElo "1919"]
[PlyCount "46"]
[EventDate "2018.??.??"]

1. Nf3 g6 2. g3 Bg7 3. d4 Nf6 4. Bg2 O-O 5. O-O d6 6. b3 e5 7. dxe5 Ng4 8. Bb2
Nc6 9. h3 Ncxe5 10. Nxe5 Nxe5 11. Qc1 c6 12. f4 Nd7 13. Bxg7 Kxg7 14. c4 Qf6
15. Nc3 Nb6 16. Rd1 Rd8 17. Ne4 Qe7 18. Qc3+ f6 19. Qb4 c5 20. Qd2 Bxh3 21.
Nxd6 Bxg2 22. Kxg2 Rd7 23. e4 Rad8 0-1

[Event "Dyfed Open"]
[Site "?"]
[Date "2018.02.17"]
[Round "3"]
[White "Morcom, Huw"]
[Black "Fowler, Caspian"]
[Result "1-0"]
[WhiteElo "1913"]
[BlackElo "1370"]
[PlyCount "35"]
[EventDate "2018.??.??"]

1. e4 e5 2. Nf3 Nc6 3. Be2 Nf6 4. d3 Bc5 5. O-O d6 6. c3 Bb6 7. Na3 a6 8. Nc4
Ba7 9. Be3 Be6 10. Bxa7 Rxa7 11. Ne3 O-O 12. c4 h6 13. d4 exd4 14. Nxd4 Nxe4
15. Nxc6 bxc6 16. Qd4 Qb8 17. Qxe4 Qxb2 18. Bd3 1-0

[Event "Dyfed Open"]
[Site "?"]
[Date "2018.02.17"]
[Round "3"]
[White "Jansen Van Rensburg, Leon"]
[Black "Haigh, Tony"]
[Result "0-1"]
[WhiteElo "1528"]
[BlackElo "1799"]
[PlyCount "66"]
[EventDate "2018.??.??"]

1. e4 Nf6 2. e5 Nd5 3. Nc3 Nxc3 4. bxc3 d5 5. f4 c5 6. d4 e6 7. Nf3 Be7 8. Be2
O-O 9. O-O b6 10. Qe1 Ba6 11. Bxa6 Nxa6 12. Qg3 f5 13. Ng5 Nc7 14. h4 Qd7 15.
h5 Bxg5 16. fxg5 g6 17. Rf4 Kf7 18. hxg6+ hxg6 19. Rh4 Rh8 20. Rh6 Rag8 21. Qh4
Qd8 22. Qh3 Qf8 23. Bd2 Ne8 24. Kf2 Ng7 25. Ke2 Nh5 26. g4 fxg4 27. Rf1+ Kg7
28. Rxf8 gxh3 29. Rf7+ Kxf7 30. dxc5 bxc5 31. Kf2 Rxh6 32. gxh6 g5 33. Be3 Kg6
0-1

[Event "Dyfed Open"]
[Site "?"]
[Date "2018.02.17"]
[Round "3"]
[White "Fowler, Hugo"]
[Black "Owen, Neil"]
[Result "1-0"]
[WhiteElo "1786"]
[BlackElo "1760"]
[PlyCount "24"]
[EventDate "2018.??.??"]

1. e4 d6 2. d4 c6 3. Bd3 e5 4. c3 Nf6 5. Nf3 Bg4 6. Nbd2 Nbd7 7. Nf1 h6 8. Ng3
Nh5 9. Nxh5 Bxh5 10. Be3 Be7 11. Qd2 Qc7 12. O-O-O Nf6 1-0

[Event "Dyfed Open"]
[Site "?"]
[Date "2018.02.17"]
[Round "3"]
[White "Leah, Howard"]
[Black "Jones, Martin C"]
[Result "1/2-1/2"]
[WhiteElo "1467"]
[BlackElo "1769"]
[PlyCount "109"]
[EventDate "2018.??.??"]

1. e4 c6 2. Nc3 d5 3. Nf3 d4 4. Ne2 c5 5. Ng3 Nc6 6. Bc4 e5 7. d3 Be7 8. O-O
Nf6 9. Ng5 O-O 10. f4 h6 11. Nf3 exf4 12. Bxf4 Be6 13. Bxe6 fxe6 14. e5 Nd5 15.
Bd2 b5 16. Qe2 Rc8 17. Qe4 Ndb4 18. Bxh6 Qe8 19. Qg4 Rf7 20. Nxd4 Nxe5 21. Qxe6
Bf6 22. Ne4 cxd4 23. Qxe8+ Rxe8 24. Nd6 gxh6 25. Nxe8 Bg5 26. Rxf7 Kxf7 27.
Nd6+ Ke6 28. Nxb5 Nxc2 29. Rd1 Ng4 30. h3 Be3+ 31. Kf1 Nf2 32. Nxd4+ Kd5 33.
Nxc2 Nxd1 34. Ke2 Bc1 35. Kxd1 Bxb2 36. Ke2 Be5 37. Kf3 Bf6 38. g4 Bg5 39. Ke2
a5 40. Ne3+ Kd4 41. Nf5+ Kc3 42. h4 Bf6 43. Nxh6 Bxh4 44. Nf5 Bg5 45. Nd6 a4
46. Nb5+ Kb2 47. Kd1 Kxa2 48. Kc2 Bf6 49. d4 Bg5 50. d5 Bf6 51. d6 a3 52. d7
Bg5 53. Na7 Ka1 54. Nc6 Bf6 55. d8=Q 1/2-1/2